[Event "Wch U20 Rapid"]
[Site "Pula"]
[Date "2023.10.10"]
[Round "3"]
[White "May Sanchez, Andres Elias"]
[Black "Casadio, Niccolo"]
[Result "0-1"]
[WhiteElo "2044"]
[BlackElo "2082"]
[PlyCount "72"]
[EventDate "2023.10.10"]
[EventType "swiss (rapid)"]
[EventRounds "11"]
[EventCountry "ITA"]
[SourceTitle "Mega2024 Update 01"]
[Source "Chessbase"]
[SourceDate "2023.11.12"]
[SourceVersion "1"]
[SourceVersionDate "2023.11.12"]
[SourceQuality "1"]

1. e4 e6 2. d4 d5 3. Nc3 Nf6 4. Bg5 Bb4 5. e5 h6 6. Be3 Ne4 7. Qg4 g6 8. Bd3 h5 9. Qf3 Nxc3 10. Bd2 Nxa2 11. c3 Nxc3 12. bxc3 Be7 13. Nh3 c5 14. dxc5 Nc6 15. Qe3 d4 16. Qe4 Qd5 17. Qxd5 exd5 18. Nf4 dxc3 19. Bxc3 d4 20. Bb2 Bxc5 21. 0-0 0-0 22. e6 Bxe6 23. Bxg6 fxg6 24. Nxe6 Rf5 25. Rfd1 a5 26. Rac1 Bb6 27. Bxd4 Nxd4 28. Nxd4 Bxd4 29. Rxd4 a4 30. Rd6 Kg7 31. Rb1 b5 32. Rc1 a3 33. Rc7+ Rf7 34. Rcc6 a2 35. Rxg6+ Kf8 36. Ra6 a1Q+ 0-1